| 000 | 00766cam a2200193 4500 | ||
|---|---|---|---|
| 082 |
_a621.3033 _bBOL _cL-9, P-10 |
||
| 100 | 1 |
_aBolton, D. J. _941186 |
|
| 245 | 1 | 0 |
_aElectrical engineering economics; _ba study of the economic use and supply of electricity, _cby D. J. Bolton ... |
| 260 |
_aLondon, _bChapman & Hall, _c1950-51. |
||
| 300 |
_a2 v. _bdiagrs. _c22 cm. |
||
| 505 | 0 | _av. 1. General principles and choice of plant. 3d ed.--v. 2. Costs and tariffs in electricity supply. 2d ed., rev. | |
| 526 |
_a0 _b0 _c0 _d621_303300000000000_BOL |
||
| 526 |
_a0 _b0 _c0 _d621_303300000000000_BOL |
||
| 526 |
_a0 _b0 _c0 _d621_303300000000000_BOL |
||
| 650 | 0 |
_aElectric power-plants. _935699 |
|
| 650 | 0 |
_aElectric utilities. _941187 |
|
| 650 | 0 |
_aMCE _9379 |
|
| 942 |
_2ddc _cBK |
||
| 999 |
_c545361 _d545361 |
||